Countries with the Most First Level Subdivisions - Statistics

General Stats
  • This quiz has been taken 41 times
  • The average score is 13 of 20
Answer Stats
Type No. Country % Correct
States, Federated District, Incorporated Territory 52 United States
100%
Oblasts, Republics, Krai, Okrug, Cities 89 Russia
97%
Provinces (Tinh) 58 Vietnam
88%
Todofuken 47 Japan
84%
Changwat 76 Thailand
84%
States, Union Territories 36 India
78%
Il 81 Turkey
78%
Provinces (Provinsi), Special Regions (Daerah Istimewa) 38 Indonesia
75%
Obicine 212 Slovenia
63%
Provinces (Wilaya) 58 Algeria
56%
Districts (Rayonlar), Cities (Şəhərlər) 70 Azerbaijan
56%
States, Federated Capital Territory 37 Nigeria
56%
Judete 41 Romania
56%
District and City 136 Uganda
53%
Municipalities (Novadi), Republic Cities (Republikas pilsetas) 43 Latvia
50%
Opstini 80 North Macedonia
47%
Kauntis 47 Kenya
44%
Provinces (Velaya'at) 34 Afghanistan
31%
Raioane, Municipiu, Unitati Teritoriale Autonome 37 Moldova
31%
Municipalities 64 Iceland
28%
No matching quizzes found
Score Distribution
Percent of People with Each Score
Percentile by Number Answered
Your Score History
You have not taken this quiz